000 01127cam a2200313 a 4500
001 38952
005 20230410101628.0
008 820120s1980 ht a b 000 0 fre
010 _a 81175831
035 _a(OCoLC)ocm08172326
040 _aDLC
_cDLC
_dMUQ
_dDRFGD
035 _a(OCoLC)8172326
043 _anwht---
_an-us---
050 1 4 _a110 E 183.8
_bD474r 1980
082 0 0 _a327.7307294
100 1 _aDesrosiers, Toussaint.
245 1 4 _aLes relations d'Haiti, premiere republique noire, avec l'Amerique :
_bcoup d'oeil sur deux siecles de solidarite, d'ingerences et de puzzles diplomatiques /
_cToussaint Desrosiers.
260 _aPort-au-Prince, Haiti :
_bAteliers Fardin,
_c1980.
300 _a188 p. :
_bill. ;
_c19 cm.
500 _aIncludes bibliographical references.
651 0 _aUnited States
_xForeign relations
_zHaiti.
651 0 _aHaiti
_xForeign relations
_zUnited States.
651 6 _aEtats-Unis
_xRelations exterieures
_zHaiti.
651 6 _aHaiti
_xRelations exterieures
_zEtats-Unis.
650 4 _aCEH
650 4 _aColección Estudios Haitianos
942 _2lcc
_cbk
994 _aC0
_bDRFGD
999 _c11238
_d11238